| 000 | 00694nam a22002297a 4500 | ||
|---|---|---|---|
| 003 | UA-OsUOA | ||
| 001 | 19882 | ||
| 007 | ta | ||
| 008 | 20041002b un ||||| |||| 00| 0 ukr d | ||
| 100 | _aФілоненко Р. | ||
| 090 | _bО-591 | ||
| 942 | _cSA | ||
| 040 |
_aUA-OsUOA _bukr _cUA-OsUOA _dUA-OsUOA |
||
| 245 | _aТовариство "Просвіта" у боротьбі за збереження та розвиток українського шкільництва на Волині в період польської влади | ||
| 300 | _aС.26-28 | ||
| 955 | _a0 | ||
| 041 | _aukr | ||
| 591 | _a74.20 | ||
| 044 | _aUA | ||
| 773 | 0 | _w0 | |
| 650 | 7 |
_aІсторія _2UDC |
|
| 999 |
_c306055 _d306055 |
||